Problems and prospects of ancillaries in engineering industry in Kolhapur district (Record no. 18480)
[ view plain ]
| 000 -LEADER | |
|---|---|
| fixed length control field | 00470nam a2200145Ia 4500 |
| 082 ## - DEWEY DECIMAL CLASSIFICATION NUMBER | |
| Classification number | TP.0263 |
| 100 ## - MAIN ENTRY--AUTHOR NAME | |
| Personal name | Pandit, C.B. |
| 245 #0 - TITLE STATEMENT | |
| Title | Problems and prospects of ancillaries in engineering industry in Kolhapur district |
| 260 ## - PUBLICATION, DISTRIBUTION, ETC. (IMPRINT) | |
| Year of publication | 1991 |
| Name of publisher | Shivaji University |
| 300 ## - PHYSICAL DESCRIPTION | |
| Number of Pages | 450p. + C D - 47 |
| 650 ## - SUBJECT ADDED ENTRY--TOPICAL TERM | |
| Topical Term | ENGINEERING INDUSTRIES - MAHARASHTRA - KOLHAPUR DISTRICT |
| 650 ## - SUBJECT ADDED ENTRY--TOPICAL TERM | |
| Topical Term | ENGINEERING INDUSTRY//ENGINEERING INDUSTRIES |
| 710 ## - ADDED ENTRY--CORPORATE NAME | |
| Corporate name or jurisdiction name as entry element | Tungare, R.M. |
| 942 ## - ADDED ENTRY ELEMENTS (KOHA) | |
| Koha item type | Thesis |
| Source of classification or shelving scheme | Dewey Decimal Classification |
| Withdrawn status | Lost status | Damaged status | Not for loan | Home library | Current library | Date acquired | Bill Date | Full call number | Accession Number | Price effective from | Koha item type |
|---|---|---|---|---|---|---|---|---|---|---|---|
| NASSDOC Library | NASSDOC Library | 08/10/2004 | 2008-12-30 | TP.0263 | 32309 | 18/04/2019 | Thesis |
